[Event "Central America & Caribbean U14"]
[Site "Palmira"]
[Date "2014.10.06"]
[Round "6.8"]
[White "Gomez Perez, Jaidor S"]
[Black "Ribero, Guillermo Andres"]
[Result "0-1"]
[WhiteElo "1765"]
[BlackElo "1926"]
[PlyCount "66"]
[EventDate "2014.10.04"]
[EventType "swiss"]
[EventRounds "9"]
[EventCountry "COL"]
[SourceTitle "EXT 2024"]
[Source "ChessBase"]
[SourceDate "2023.10.10"]
[SourceVersion "1"]
[SourceVersionDate "2023.10.10"]
[SourceQuality "1"]

1. e4 c5 2. Nf3 d6 3. d4 cxd4 4. Nxd4 Nf6 5. Nc3 g6 6. f3 Bg7 7. Be3 Nc6 8. Qd2 0-0 9. Bc4 Bd7 10. 0-0-0 Rb8 11. h4 b5 12. Bb3 Na5 13. h5 Nc4 14. Bxc4 bxc4 15. hxg6 fxg6 16. g4 Qb6 17. b3 Qb4 18. Rdg1 Qa3+ 19. Kd1 cxb3 20. axb3 Rbc8 21. Nde2 Nxg4 22. Nd5 Qa1+ 23. Nc1 Nxe3+ 24. Qxe3 Rf7 25. Qg5 Qe5 26. Qh4 Bf6 27. Qh6 Qd4+ 28. Nd3 Bb5 29. Qh3 Rb8 30. e5 Bxe5 31. Rg4 Qxd5 32. f4 Bxd3 33. cxd3 Bf6 0-1

[Event "COL-ch U14"]
[Site "Bogota"]
[Date "2014.05.30"]
[Round "2"]
[White "Acosta Cubides, Jorian Jared"]
[Black "Gomez Perez, Jaidor S"]
[Result "1-0"]
[WhiteElo "1913"]
[BlackElo "1755"]
[PlyCount "83"]
[EventDate "2014.05.29"]
[EventType "swiss"]
[EventRounds "7"]
[EventCountry "COL"]
[SourceTitle "CBM 160 Extra"]
[Source "ChessBase"]
[SourceDate "2014.07.01"]
[SourceVersion "1"]
[SourceVersionDate "2014.07.01"]
[SourceQuality "1"]

1. e4 c5 2. Nf3 d6 3. d4 cxd4 4. Nxd4 Nf6 5. Nc3 g6 6. Be3 Bg7 7. f3 0-0 8. Qd2 Nc6 9. 0-0-0 Nxd4 10. Bxd4 Be6 11. g4 Qa5 12. Kb1 Rfc8 13. a3 Rab8 14. h4 b5 15. Nd5 Qxd2 16. Rxd2 Nxd5 17. exd5 Bxd5 18. Bxg7 Bxf3 19. Rh3 Bxg4 20. Rg3 Kxg7 21. Rxg4 Rb6 22. Re4 e5 23. Rb4 Rc5 24. a4 bxa4 25. Rxb6 axb6 26. Rxd6 f5 27. Rxb6 Rd5 28. Kc1 Rd4 29. Re6 Rxh4 30. Rxe5 Rh1 31. Re1 g5 32. c4 g4 33. c5 g3 34. Kd2 f4 35. c6 Rh5 36. Bg2 Rc5 37. Rc1 Rb5 38. Rc2 Rb8 39. c7 Rc8 40. Bb7 f3 41. Bxf3 Kf7 42. Bb7 1-0

[Event "Wch U12"]
[Site "Al Ain"]
[Date "2013.12.26"]
[Round "9"]
[White "Gomez Perez, Jaidor S"]
[Black "Reveco Toledo, Luciano Agusto"]
[Result "1-0"]
[WhiteElo "1771"]
[BlackElo "1590"]
[PlyCount "97"]
[EventDate "2013.12.18"]
[EventType "swiss"]
[EventRounds "11"]
[EventCountry "UAE"]
[SourceTitle "CBM 158 Extra"]
[Source "ChessBase"]
[SourceDate "2014.02.28"]
[SourceVersion "1"]
[SourceVersionDate "2014.02.28"]
[SourceQuality "1"]

1. e4 c5 2. Nf3 d6 3. d4 cxd4 4. Nxd4 Nf6 5. Nc3 a6 6. f4 Qc7 7. Bd3 Nbd7 8. Bd2 b5 9. Qe2 Bb7 10. 0-0-0 Nc5 11. a3 e5 12. Nf5 Rc8 13. Rhg1 g6 14. Ng3 Bg7 15. h4 h5 16. Nh1 Ne6 17. g3 Nd4 18. Qg2 Ng4 19. Nf2 f5 20. Nxg4 hxg4 21. Be3 Nf3 22. Rgf1 exf4 23. Bxf4 Bxc3 24. bxc3 fxe4 25. Be2 Qxc3 26. Bxf3 gxf3 27. Qf2 Qxa3+ 28. Kb1 Qb4+ 29. Kc1 d5 30. Rde1 d4 31. Qxf3 d3 32. Qxd3 Rc3 33. Qd6 Qxd6 34. Bxd6 Kd7 35. Be5 Rhc8 36. Bxc3 Rxc3 37. Rf7+ Kc8 38. g4 Rg3 39. Rf4 Rh3 40. g5 e3 41. Rf6 Rxh4 42. Rxe3 Be4 43. Rxa6 Kb7 44. Re6 Rh1+ 45. Kb2 Bf5 46. R6e5 Rh2 47. Rxb5+ Kc6 48. Rxf5 gxf5 49. Rf3 1-0

[Event "Wch U12"]
[Site "Al Ain"]
[Date "2013.12.19"]
[Round "2"]
[White "Alshamsi, Sultan Fadel"]
[Black "Gomez Perez, Jaidor S"]
[Result "0-1"]
[WhiteElo "1234"]
[BlackElo "1771"]
[PlyCount "84"]
[EventDate "2013.12.18"]
[EventType "swiss"]
[EventRounds "11"]
[EventCountry "UAE"]
[SourceTitle "CBM 158 Extra"]
[Source "ChessBase"]
[SourceDate "2014.02.28"]
[SourceVersion "1"]
[SourceVersionDate "2014.02.28"]
[SourceQuality "1"]

1. e4 c5 2. Nc3 d6 3. Nf3 Nc6 4. d4 cxd4 5. Nxd4 Nf6 6. Bb5 Bd7 7. Nxc6 Bxc6 8. Bxc6+ bxc6 9. 0-0 e6 10. Bg5 Be7 11. Re1 0-0 12. Qd3 d5 13. e5 Nd7 14. Bxe7 Qxe7 15. Nd1 Rab8 16. c4 Qb4 17. Qc3 Qxc3 18. Nxc3 Rxb2 19. cxd5 cxd5 20. f4 Rc8 21. Re2 Rb4 22. Rb1 Rxb1+ 23. Nxb1 Rc1+ 24. Kf2 Rxb1 25. Rc2 Rb7 26. Rc8+ Nf8 27. Kg3 g6 28. Kg4 Rb2 29. g3 Rxa2 30. h4 h5+ 31. Kh3 a5 32. Ra8 a4 33. g4 hxg4+ 34. Kxg4 a3 35. h5 gxh5+ 36. Kxh5 Kg7 37. Kg5 Ra1 38. f5 exf5 39. Kxf5 a2 40. e6 fxe6+ 41. Ke5 Re1+ 42. Kd6 a1Q 0-1

[Event "Pan American-ch U12 24th"]
[Site "Pocos de Caldas"]
[Date "2013.07.31"]
[Round "9.5"]
[White "Gomez Perez, Jaidor S"]
[Black "Quiroga Jaquez, Angel Ivan"]
[Result "1-0"]
[WhiteElo "1782"]
[BlackElo "1709"]
[PlyCount "83"]
[EventDate "2013.07.25"]
[EventType "swiss"]
[EventRounds "9"]
[EventCountry "BRA"]
[SourceTitle "EXT 2016"]
[Source "ChessBase"]
[SourceDate "2015.10.08"]
[SourceVersion "1"]
[SourceVersionDate "2015.10.08"]
[SourceQuality "1"]

1. e4 c5 2. Nf3 a6 3. c3 e6 4. d4 cxd4 5. cxd4 d5 6. exd5 exd5 7. a3 h6 8. Nc3 Nf6 9. h3 Bd6 10. Bd2 Bf5 11. Qb3 Qe7+ 12. Be2 Be6 13. 0-0 0-0 14. Rfe1 Nc6 15. Bd3 Qd7 16. Qd1 Bc7 17. b4 Rfe8 18. Ne5 Qd6 19. Bf4 Qd8 20. Bc2 Rc8 21. Rc1 Bb6 22. Ne2 Ne7 23. Qd2 h5 24. Bg5 Nh7 25. Bh4 f6 26. Ng6 Nxg6 27. Bxg6 Bf7 28. Bxf7+ Kxf7 29. Bg3 Rxc1 30. Rxc1 Ng5 31. f3 Qe7 32. Nf4 Qd7 33. Bf2 Qf5 34. Be3 h4 35. a4 Re7 36. a5 Bc7 37. Nd3 Nxf3+ 38. gxf3 Qxf3 39. Qf2 Rxe3 40. Qxf3 Rxf3 41. Rxc7+ Kg6 42. Rc3 1-0

[Event "Pan American-ch U12 24th"]
[Site "Pocos de Caldas"]
[Date "2013.07.27"]
[Round "2.2"]
[White "Leto, Enzo"]
[Black "Gomez Perez, Jaidor S"]
[Result "0-1"]
[WhiteElo "1623"]
[BlackElo "1782"]
[PlyCount "144"]
[EventDate "2013.07.25"]
[EventType "swiss"]
[EventRounds "9"]
[EventCountry "BRA"]
[SourceTitle "EXT 2016"]
[Source "ChessBase"]
[SourceDate "2015.10.08"]
[SourceVersion "1"]
[SourceVersionDate "2015.10.08"]
[SourceQuality "1"]

1. d4 d5 2. Nf3 Nf6 3. c4 c6 4. g3 Bf5 5. Bg2 e6 6. c5 Nbd7 7. 0-0 Be7 8. Nc3 0-0 9. Nh4 Bg6 10. Nxg6 hxg6 11. Bf4 Nh5 12. e3 f6 13. Qg4 e5 14. Qxg6 Qe8 15. Qxe8 Raxe8 16. g4 Nxf4 17. exf4 exd4 18. Ne2 Bxc5 19. Bf3 g5 20. Rad1 gxf4 21. Nxf4 Ne5 22. Kg2 Bb6 23. b4 Nxf3 24. Kxf3 Re4 25. Nh5 Kf7 26. Ng3 Re5 27. Nf5 Kg6 28. Nxd4 Re4 29. Nc2 Rh8 30. Rh1 Rh3+ 31. Kg2 Rc3 32. Rd2 Rxg4+ 33. Kf1 Rgc4 34. Rg1+ Kf7 35. Ne1 Rxb4 36. Rg3 Rxg3 37. fxg3 Rb1 38. Ke2 Ba5 39. Rd1 Rb2+ 40. Kf3 Bxe1 41. Rxe1 Rxh2 42. Rb1 b6 43. a4 Ra2 44. Rb4 c5 45. Rh4 Ke6 46. Rf4 d4 47. Ke4 Rxa4 48. Kd3 Ra3+ 49. Kc4 Rxg3 50. Re4+ Kf7 51. Rh4 f5 52. Rh7+ Rg7 53. Rh5 Kf6 54. Rh6+ Ke5 55. Rh8 f4 56. Re8+ Kf5 57. Re1 f3 58. Rf1 Kf4 59. Kd3 Rg3 60. Kd2 c4 61. Rh1 Rg2+ 62. Ke1 f2+ 63. Kf1 Rg1+ 64. Rxg1 fxg1Q+ 65. Kxg1 c3 66. Kf2 c2 67. Ke2 c1Q 68. Kd3 Qc3+ 69. Ke2 d3+ 70. Kf1 Qd2 71. Kg1 Kg3 72. Kh1 Qe1# 0-1

[Event "COL-ch U12"]
[Site "Florencia"]
[Date "2013.06.01"]
[Round "4"]
[White "Gomez Perez, Jaidor S"]
[Black "Carvajal, Carlos David"]
[Result "0-1"]
[WhiteElo "1778"]
[BlackElo "1601"]
[PlyCount "98"]
[EventDate "2013.05.31"]
[EventType "swiss"]
[EventRounds "7"]
[EventCountry "COL"]
[SourceTitle "CBM 154 Extra"]
[Source "ChessBase"]
[SourceDate "2013.06.25"]
[SourceVersion "2"]
[SourceVersionDate "2013.06.25"]
[SourceQuality "1"]

1. e4 e6 2. d4 d5 3. Nd2 Nf6 4. e5 Nfd7 5. Bd3 c5 6. c3 Qb6 7. Ne2 Nc6 8. Nf3 f6 9. exf6 Nxf6 10. Ne5 Nxe5 11. dxe5 Ng4 12. f4 c4 13. Nd4 Nh6 14. Bc2 Bc5 15. g4 Nf7 16. h4 h6 17. Rh2 Ke7 18. Re2 Kf8 19. f5 Nd8 20. b3 Be7 21. h5 Nc6 22. Be3 Qc7 23. Bf4 Qb6 24. Nxe6+ Bxe6 25. fxe6 Qg1+ 26. Kd2 Qxg4 27. Rf2 Qxe6 28. Bg6 Kg8 29. Bxh6 Nxe5 30. Be3 Nxg6 31. hxg6 Qxg6 32. Qc2 Qxc2+ 33. Kxc2 cxb3+ 34. axb3 a6 35. Bd4 Rf8 36. Re2 Bf6 37. Bxf6 Rxf6 38. Re7 Rh2+ 39. Kd3 Rf7 40. Re5 Rd7 41. Rd1 Rh3+ 42. Kd4 Rh4+ 43. Ke3 Rc7 44. Rd3 Rxc3 45. Rxc3 d4+ 46. Kd3 dxc3 47. Kxc3 Kf7 48. b4 g6 49. Kb3 Rh5 0-1

[Event "COL-ch U12"]
[Site "Florencia"]
[Date "2013.05.31"]
[Round "2"]
[White "Gomez Perez, Jaidor S"]
[Black "Cuevas Sanchez, Bramdon Daniel"]
[Result "1/2-1/2"]
[WhiteElo "1778"]
[BlackElo "1772"]
[PlyCount "27"]
[EventDate "2013.05.31"]
[EventType "swiss"]
[EventRounds "7"]
[EventCountry "COL"]
[SourceTitle "CBM 154 Extra"]
[Source "ChessBase"]
[SourceDate "2013.06.25"]
[SourceVersion "2"]
[SourceVersionDate "2013.06.25"]
[SourceQuality "1"]

1. e4 e5 2. Bc4 Bc5 3. Nf3 Nc6 4. c3 Nf6 5. d3 d6 6. Nbd2 Be6 7. Bb3 0-0 8. h3 d5 9. Qe2 Qd6 10. Nf1 dxe4 11. dxe4 Bxb3 12. axb3 Rad8 13. Ng3 Rd7 14. 0-0 1/2-1/2

[Event "Central Region-ch U12"]
[Site "Zipaquira"]
[Date "2013.03.29"]
[Round "4.1"]
[White "Gomez Perez, Jaidor S"]
[Black "Corredor Castellanos, Camilo"]
[Result "1/2-1/2"]
[WhiteElo "1778"]
[BlackElo "1843"]
[PlyCount "28"]
[EventDate "2013.03.28"]
[EventType "swiss"]
[EventRounds "6"]
[EventCountry "COL"]
[SourceTitle "EXT 2024"]
[Source "ChessBase"]
[SourceDate "2023.10.10"]
[SourceVersion "1"]
[SourceVersionDate "2023.10.10"]
[SourceQuality "1"]

1. e4 e5 2. Bc4 Nf6 3. d3 Nc6 4. c3 Be7 5. Bb3 d6 6. Nf3 0-0 7. Nbd2 a6 8. Nf1 b5 9. Ng3 Na5 10. Bc2 c5 11. 0-0 Re8 12. Re1 Nc6 13. d4 Qc7 14. d5 Nd8 1/2-1/2

[Event "Central Region-ch U12"]
[Site "Zipaquira"]
[Date "2013.03.28"]
[Round "2.2"]
[White "Gomez Perez, Jaidor S"]
[Black "Avendano Leon, Raul Camilo"]
[Result "1-0"]
[WhiteElo "1778"]
[BlackElo "1497"]
[PlyCount "79"]
[EventDate "2013.03.28"]
[EventType "swiss"]
[EventRounds "6"]
[EventCountry "COL"]
[SourceTitle "EXT 2024"]
[Source "ChessBase"]
[SourceDate "2023.10.10"]
[SourceVersion "1"]
[SourceVersionDate "2023.10.10"]
[SourceQuality "1"]

1. e4 c5 2. Nf3 d6 3. d4 cxd4 4. Nxd4 Nf6 5. Nc3 a6 6. f3 e5 7. Nb3 Be6 8. Be3 Be7 9. Be2 Qc7 10. 0-0 0-0 11. f4 Nbd7 12. f5 Bc4 13. Qd2 b5 14. a3 Rfe8 15. g4 h6 16. Rf2 Rad8 17. Rg2 Nc5 18. Bf3 Nxb3 19. cxb3 Bxb3 20. g5 hxg5 21. Bxg5 Nh7 22. Be3 Nf6 23. Bh6 Bf8 24. Bxg7 Bxg7 25. Qh6 Kf8 26. Qxg7+ Ke7 27. Rg6 Nd7 28. f6+ Nxf6 29. Qxf6+ Kf8 30. Kh1 Re6 31. Qg7+ Ke7 32. Rxe6+ Bxe6 33. Bg4 Qc4 34. Bxe6 Qxe6 35. Nd5+ Kd7 36. Rc1 Rb8 37. Rc7+ Kd8 38. Qf8+ Qe8 39. Qxd6+ Qd7 40. Qxd7# 1-0

[Event "COL-ch U12"]
[Site "Yopal"]
[Date "2012.06.16"]
[Round "6"]
[White "Quinonez Garcia, Santiago"]
[Black "Gomez Perez, Jaidor S"]
[Result "1-0"]
[WhiteElo "1900"]
[BlackElo "1857"]
[PlyCount "23"]
[EventDate "2012.06.13"]
[EventType "tourn"]
[EventRounds "9"]
[EventCountry "COL"]
[SourceTitle "EXT 2014"]
[Source "ChessBase"]
[SourceDate "2013.11.20"]
[SourceVersion "1"]
[SourceVersionDate "2013.11.20"]
[SourceQuality "1"]

1. e4 c5 2. Nf3 d6 3. d4 cxd4 4. Qxd4 Nc6 5. Bb5 Bd7 6. Bxc6 bxc6 7. c4 Bg4 8. Nbd2 e5 9. Qd3 Nf6 10. 0-0 Be7 11. h3 Bh5 12. b3 1-0

[Event "Pan American-ch U10"]
[Site "Cali"]
[Date "2011.07.07"]
[Round "8"]
[White "Gonzalez Curse, Flavio Fernando"]
[Black "Gomez Perez, Jaidor S"]
[Result "1/2-1/2"]
[WhiteElo "1715"]
[BlackElo "1879"]
[PlyCount "52"]
[EventDate "2011.07.03"]
[EventType "swiss"]
[EventRounds "9"]
[EventCountry "COL"]
[SourceTitle "CBM 143 Extra"]
[Source "ChessBase"]
[SourceDate "2011.08.29"]
[SourceVersion "1"]
[SourceVersionDate "2011.08.29"]
[SourceQuality "1"]

1. e4 c5 2. d4 cxd4 3. c3 d3 4. Bxd3 Nc6 5. Nf3 d6 6. h3 Nf6 7. 0-0 e6 8. a3 Bd7 9. c4 Be7 10. Nc3 a6 11. Qe2 Qc7 12. Bf4 e5 13. Be3 0-0 14. Rac1 Qd8 15. Rfd1 Rc8 16. b4 Qe8 17. Nd5 Bd8 18. Bb1 Nxd5 19. cxd5 Ne7 20. Nh2 f5 21. f3 f4 22. Bf2 Rf6 23. Rxc8 Bxc8 24. Kh1 g5 25. Rf1 h5 26. Be1 Rh6 1/2-1/2